Normal view
MARC view
Entry Nome pessoal
001 - NÚMERO DE CONTROLE
- campo de controle: 606
003 - IDENTIFICADOR DO NÚMERO DE CONTROLE
- campo de controle: Br
005 - DATA E HORÁRIO DA ÚLTIMA TRANSAÇÃO
- campo de controle: 20250325093849.0
008 - CAMPO DE DADOS FIXOS
- campo de controle de tamanho fixo: 981109|| acnnnaab| aaaa d
035 ## - NÚMERO DE CONTROLE DO SISTEMA
- Número de Controle do Sistema: 99021211104105E21
040 ## - FONTE DA CATALOGAÇÃO
- Instituição da catalogação original: Br
- Instituição que transcreveu o registro: Br
100 1# - CABEÇALHO--NOME PESSOAL
- Nome pessoal: Rousseau, Jean-Jacques,
- Datas associadas ao nome: 1712-1778
670 ## - FONTE POSITIVA DOS DADOS
- Citação da fonte positiva dos dados: Autor de: O contrato social. [1983]
670 ## - FONTE POSITIVA DOS DADOS
- Citação da fonte positiva dos dados: Em: Bristol, Brian. Por que amamos ler?... 2008
- Dados encontrados na fonte localizada no subcampo: (p. 99: filósofo iluminista francês; D.)
670 ## - FONTE POSITIVA DOS DADOS
- Citação da fonte positiva dos dados: http://authorities.loc.gov 25/11/2015
- Dados encontrados na fonte localizada no subcampo: (D.)
670 ## - FONTE POSITIVA DOS DADOS
- Citação da fonte positiva dos dados: http://viaf.org/processed/BNF%7C11922879
- Dados encontrados na fonte localizada no subcampo: (D.)
670 ## - FONTE POSITIVA DOS DADOS
- Citação da fonte positiva dos dados: http://viaf.org/processed/WKP%7CQ6527
- Dados encontrados na fonte localizada no subcampo: (Jean-Jacques Rousseau - filósofo francês)